opac header logoIBA Library

Crafting and executing strategy/ (Record no. 504)

MARC details
000 -LEADER
fixed length control field 00390nam a22001577a 4500
003 - CONTROL NUMBER IDENTIFIER
control field BD-DhUIB
005 - DATE AND TIME OF LATEST TRANSACTION
control field 20251011171953.0
008 - FIXED-LENGTH DATA ELEMENTS--GENERAL INFORMATION
fixed length control field 251011b |||||||| |||| 00| 0 eng d
040 ## - CATALOGING SOURCE
Original cataloging agency BD-DhUIB
Transcribing agency BD-DhUIB
050 ## - LIBRARY OF CONGRESS CALL NUMBER
Classification number 658.4012
082 ## - DEWEY DECIMAL CLASSIFICATION NUMBER
Edition number 22
100 ## - MAIN ENTRY--PERSONAL NAME
Personal name Thomson, Arthur A.
9 (RLIN) 970
245 ## - TITLE STATEMENT
Title Crafting and executing strategy/
Statement of responsibility, etc. by A. Arthur Thomson.
526 ## - STUDY PROGRAM INFORMATION NOTE
Program name BBA.
942 ## - ADDED ENTRY ELEMENTS (KOHA)
Source of classification or shelving scheme Dewey Decimal Classification
Koha item type Books
Holdings
Withdrawn status Lost status Source of classification or shelving scheme Damaged status Not for loan Collection code Home library Current library Shelving location Date acquired Source of acquisition Total Checkouts Barcode Date due Date last seen Date last checked out Copy number Price effective from Koha item type Total Renewals Full call number
    Dewey Decimal Classification     Non-fiction IBA Library IBA Library General Stacks 07/03/2019 Purchase 1 00051155 10/25/2025 10/11/2025 10/11/2025 01 10/11/2025 Books    
    Dewey Decimal Classification     Non-fiction IBA Library IBA Library General Stacks 09/09/2019 Purchase 1 00050616 03/27/2026 10/25/2025 10/25/2025 C-1 10/25/2025 Books 3 658.4012 T371c
Copyright © 2021-2026 | IBA Library
Institute of Business Administration (IBA)
University of Dhaka
Library Home | IBA Home